Statistics for College Football Matchups: Ohio State

Click here to take the quiz!

General Stats

  • This quiz has been taken 130 times
  • The average score is 11 of 16

Answer Stats

# of GamesOpponentLast Meeting% Correct
117Michigan11/27/2021
99%
50Michigan State11/20/2021
94%
37Penn State10/30/2021
90%
95Indiana10/23/2021
83%
84Wisconsin12/07/2019
81%
65Iowa11/04/2017
80%
58Purdue11/13/2021
80%
79Northwestern12/19/2020
78%
103Illinois11/18/2017
75%
54Minnesota09/02/2021
72%
*10Nebraska11/06/2021
72%
24USC12/29/2017
55%
12Washington01/01/2019
38%
17Cincinnati09/07/2019
35%
25Pittsburgh09/21/1996
25%
12Missouri09/19/1998
13%

Score Distribution

Percentile by Number Answered

Percent of People with Each Score

Your Score History

You have not taken this quiz